[Event "Canada vs. Germany"]
[Site "CCCA"]
[Date "2016.04.11"]
[Round "1"]
[White "Butze, Roland"]
[Black "Labonté, Richard"]
[Result "1/2-1/2"]
[WhiteElo "2483"]
[BlackElo "2406"]
[EventDate "2016.04.11"]
[Board "1"]
[WhiteTeam "Germany"]
[BlackTeam "Canada"]

1.e4 c5 2.Nf3 d6 3.d4 cxd4 4.Nxd4 Nf6 5.Nc3 a6 6.Be2 e5 7.Nb3 Be7 8.O-O 
O-O 9.Be3 Be6 10.Qd2 Nbd7 11.a4 Nb6 12.a5 Nc4 13.Bxc4 Bxc4 14.Rfd1 Rc8 15.
Nc1 Qc7 16.Bb6 Qc6 17.f3 Be6 18.Kh1 Nd7 19.Bg1 f5 20.Nd3 Nf6 21.Nb4 Qe8 
22.exf5 Bxf5 23.Nbd5 Rc6 24.Rac1 Qf7 25.Nb4 Rcc8 26.Ncd5 Nxd5 27.Nxd5 Bh4 
28.Ne3 Bg5 29.Qxd6 Rfe8 30.c3 Rcd8 31.Nxf5 Rxd6 32.Nxd6 Qe7 33.Ra1 Rd8 34.
Ne4 Rxd1 35.Rxd1 h6 36.b4 Qf7 37.h3 Qc4 38.Re1 Bf4 39.Bc5 Qd3 40.Kg1 Bd2 
41.Nxd2 Qxd2 42.Rxe5 Qxc3 43.Re3 Qc1+ 44.Kf2 Kh7 45.Kg3 Qd2 46.h4 Qd8 47.
Re4 Qd2 48.Re7 Qd5 49.Kf4 Qd2+ 50.Kg3 1/2-1/2

[Event "Canada vs. Germany"]
[Site "CCCA"]
[Date "2016.04.11"]
[Round "2"]
[White "Möbius, Manfred"]
[Black "de Breyne, Victor"]
[Result "1/2-1/2"]
[WhiteElo "2147"]
[BlackElo "2136"]
[EventDate "2016.04.11"]
[Board "3"]
[WhiteTeam "Germany"]
[BlackTeam "Canada"]

1.Nf3 d5 2.g3 Nf6 3.Bg2 c6 4.d3 Bg4 5.O-O Nbd7 6.c4 dxc4 7.dxc4 e5 8.Nc3 
Be7 9.Qc2 O-O 10.h3 Bh5 11.Nh4 Re8 12.Be3 Qc7 13.Nf5 Bc5 14.Bd2 Rad8 15.
Rad1 a5 16.Nh4 Nf8 17.Na4 Ba7 18.Bg5 Ne6 19.Bxf6 gxf6 20.Rxd8 Rxd8 21.e3 
Qd6 22.Nc3 Nc5 23.Be4 Nxe4 24.Nxe4 Qe6 25.c5 Rd5 26.Rc1 f5 27.Ng5 Qe8 28.
Qxf5 Bg6 29.Qg4 Rxc5 30.Rxc5 Bxc5 31.Nxg6 hxg6 32.Qh4 Bd6 33.Qh7+ Kf8 34.
Ne4 Bc7 35.Qh6+ Ke7 36.Qh4+ Kf8 37.Qh8+ Ke7 38.Qf6+ Kf8 39.h4 Qd7 40.Qh8+ 
Ke7 41.b3 b5 42.Qf6+ Kf8 43.h5 gxh5 44.Qh6+ Ke7 45.Qg5+ Kf8 46.Qxh5 Qd5 
47.Ng5 Qd7 48.Qh6+ Ke7 49.Qh7 Kf8 50.e4 Qe8 51.Qh4 Kg7 52.Qg4 Kf8 53.Nh7+ 
Ke7 54.Qg5+ Kd6 55.Qd2+ Ke7 56.Qh6 1/2-1/2

[Event "Canada vs. Germany"]
[Site "CCCA"]
[Date "2016.04.11"]
[Round "1"]
[White "de Breyne, Victor"]
[Black "Möbius, Manfred"]
[Result "1/2-1/2"]
[WhiteElo "2136"]
[BlackElo "2147"]
[EventDate "2016.04.11"]
[Board "3"]
[WhiteTeam "Canada"]
[BlackTeam "Germany"]

1.d4 Nf6 2.Bg5 c6 3.Bxf6 gxf6 4.c4 Qb6 5.Qd2 d6 6.Nc3 h5 7.e3 Bf5 8.Nf3 
Nd7 9.Nh4 Bh7 10.Be2 f5 11.d5 Rg8 12.Bxh5 Bg7 13.dxc6 bxc6 14.g3 Bf6 15.
Rc1 Bxh4 16.gxh4 f4 17.exf4 Nc5 18.Be2 Rd8 19.b3 Be4 20.f3 Bf5 21.Rd1 Rh8 
22.Qe3 Rxh4 23.Qf2 Rxf4 24.h4 Qa5 25.Qe3 Ne6 26.Kf2 Bh7 27.h5 Rf5 28.Na4 
Ng5 29.h6 Qc7 30.Rh4 Re5 31.Qc3 Qc8 32.Bd3 Qe6 33.Bxh7 Nxh7 34.Qd3 Qf6 35.
Rdh1 Rf5 36.Qc3 e5 37.f4 Rxf4+ 38.Rxf4 Qxf4+ 39.Qf3 Qd2+ 40.Qe2 Qxe2+ 41.
Kxe2 Ke7 42.Nb2 Rg8 43.Nd3 f5 44.c5 e4 45.cxd6+ Kxd6 46.Nf2 Nf6 47.Rh4 Rh8
48.Nh3 Ke7 49.Nf4 Kf7 50.b4 Ng4 51.Rh5 Nxh6 52.Rh3 Kf6 53.Rc3 Rc8 54.Rc5 
Ke7 55.Ng6+ Kd6 1/2-1/2

[Event "Canada vs. Germany"]
[Site "CCCA"]
[Date "2016.04.11"]
[Round "2"]
[White "Bedbur, Heinz"]
[Black "Robidoux, Ovide Michel"]
[Result "1/2-1/2"]
[WhiteElo "1879"]
[BlackElo "1977"]
[EventDate "2016.04.11"]
[Board "4"]
[WhiteTeam "Germany"]
[BlackTeam "Canada"]

1.d4 f5 2.g3 Nf6 3.Bg2 e6 4.c4 c6 5.Nf3 d5 6.Nbd2 Nbd7 7.O-O Be7 8.b3 Ne4 
9.Bb2 Ndf6 10.Rc1 O-O 11.Nxe4 Nxe4 12.Ne5 Bd6 13.f3 Nf6 14.Qd2 dxc4 15.
Nxc4 Bc7 16.e4 a5 17.Qc2 f4 18.g4 g5 19.Rcd1 Bd7 20.Ne5 Be8 21.Rfe1 Qe7 
22.Nc4 b5 23.Ne5 Ra6 24.Nd3 Nd7 25.Qc3 b4 26.Qc4 Rb6 27.d5 Bf7 28.dxc6 e5 
29.Qc1 Nb8 30.Qa1 Nxc6 31.Re2 Rd8 32.Rc2 a4 33.Qc1 Qe8 34.bxa4 b3 1/2-1/2

[Event "Canada vs. Germany"]
[Site "CCCA"]
[Date "2016.04.11"]
[Round "1"]
[White "Robidoux, Ovide Michel"]
[Black "Bedbur, Heinz"]
[Result "1/2-1/2"]
[WhiteElo "1977"]
[BlackElo "1879"]
[EventDate "2016.04.11"]
[Board "4"]
[WhiteTeam "Canada"]
[BlackTeam "Germany"]

1.e4 e5 2.Nf3 Nc6 3.Bc4 Bc5 4.c3 Nf6 5.d4 d6 6.O-O O-O 7.a4 a5 8.Nbd2 Bg4 
9.Qb3 b6 10.Ng5 Bh5 11.h3 Ne7 12.Re1 Qd7 13.Qc2 c6 14.Ba2 Bg6 15.Nb3 h6 
16.Nxc5 bxc5 17.Nf3 Rab8 18.Rb1 Rfe8 19.b4 cxb4 20.cxb4 axb4 21.Bc4 Qa7 
22.Qb3 Rb7 23.Be3 c5 24.Nd2 Nc6 25.Bb5 Rc8 26.Nc4 Na5 27.Qa2 Nxc4 28.Qxc4 
Rcc7 29.f4 exf4 30.Bxf4 Qb6 31.Be3 Nd7 1/2-1/2